Electromobility in European Union

Súčasné výzvy a perspektíva vývoja elektromobilu v globálnom meradle, ale predovšetkým v podmienkach Európskej únie. Článok obsahuje zhrnutie súčasnej situácie elektromobilu, očakávané vývojové scenáre, SWOT analýzu elektromobility v Európskej únii, ako aj odporúčania pre jej priaznivý vývoj.

Enregistré dans:
Détails bibliographiques
Auteur principal: Rehák, Róbert, 1984-
Format: Chapitre de livre
Langue:anglais
Sujets:
Tags: Ajouter un tag
Pas de tags, Soyez le premier à ajouter un tag!

MARC

LEADER 00000nla a2200000 4500
001 0243071
005 20240502073938.5
041 0 |a eng 
044 |a SK 
245 1 0 |a Electromobility in European Union 
520 |a Súčasné výzvy a perspektíva vývoja elektromobilu v globálnom meradle, ale predovšetkým v podmienkach Európskej únie. Článok obsahuje zhrnutie súčasnej situácie elektromobilu, očakávané vývojové scenáre, SWOT analýzu elektromobility v Európskej únii, ako aj odporúčania pre jej priaznivý vývoj. 
610 2 0 |a elektromobily 
610 2 0 |a doprava 
610 2 0 |a doprava cestná 
610 2 0 |a infraštruktúra 
610 2 0 |a vývoj 
610 2 0 |a Európska únia 
100 1 |a Rehák, Róbert, 1984-